000 00577cam a22002051 4500
001 ne 64000113
003 DLC
005 20260227111754.0
008 890630s1963 ua 000 0 ararc
010 _ane 64000113
035 _a(OCoLC)19954007
040 _aPrinceton Univ. Libr. for LC
_cWaU
_dWaU
_dDLC
042 _apremarc
050 0 0 _aPJ7864.A36
_bA7
100 1 _aṬāhir, Muḥammad.
245 1 0 _aʻAlā raʼy al-mathal
_c[taʼlīf] Muḥammad Ṭāhir.
260 _aal-Qāhirah,
_bMaktabat al-Khānjī
_c[1963]
300 _a95 p.
_c20 cm.
500 _aA play.
999 _c46608
_d46608